Emerging economy studies (Record no. 93733)
[ view plain ]
| 000 -LEADER | |
|---|---|
| fixed length control field | 00567nam a22001697a 4500 |
| 005 - DATE AND TIME OF LATEST TRANSACTION | |
| control field | 20150519104008.0 |
| 008 - FIXED-LENGTH DATA ELEMENTS--GENERAL INFORMATION | |
| fixed length control field | 150519b xxu||||| |||| 00| 0 eng d |
| 022 ## - INTERNATIONAL STANDARD SERIAL NUMBER | |
| International Standard Serial Number | 2394-9015 |
| 040 ## - CATALOGING SOURCE | |
| Original cataloging agency | dpl |
| 082 ## - DEWEY DECIMAL CLASSIFICATION NUMBER | |
| Classification number | 330 |
| 245 ## - TITLE STATEMENT | |
| Title | Emerging economy studies |
| 260 ## - PUBLICATION, DISTRIBUTION, ETC. (IMPRINT) | |
| Place of publication, distribution, etc | New Delhi |
| Name of publisher, distributor, etc | Sage Publocation |
| Date of publication, distribution, etc | 2015 |
| 300 ## - PHYSICAL DESCRIPTION | |
| Extent | v. |
| Dimensions | 24cm |
| 310 ## - CURRENT PUBLICATION FREQUENCY | |
| Current publication frequency | Bi-annual |
| 270 ## - ADDRESS | |
| Address | B1/1-1,Mohan Cooperative Industrial Area,Mathura Road, |
| City | New Delhi |
| Country | India |
| Postal code | 110044 |
| Telephone number | 91-11-40539222 |
| Fax number | 91-11-40539234 |
| Electronic mail address | customerservicejournal@sagepub.in |
| 942 ## - ADDED ENTRY ELEMENTS (KOHA) | |
| Source of classification or shelving scheme | Dewey Decimal Classification |
| Item type | Periodicals |
| Classification part | 330 |
| Call number suffix | EME |
| Serial record | 1 |
| Withdrawn status | Lost status | Source of classification or shelving scheme | Damaged status | Not for loan | Collection code | Home library | Current library | Date acquired | Total Checkouts | Full call number | Date last seen | Price effective from | Koha item type |
|---|---|---|---|---|---|---|---|---|---|---|---|---|---|
| Dewey Decimal Classification | Not For Loan | Non-fiction | D.B.Act.Division | D.B.Act.Division | 19/05/2015 | 330 EME | 19/05/2015 | 19/05/2015 | Periodicals |
